header

Raspberry Pi for secret agents (Record no. 9100)

MARC details
000 -LEADER
fixed length control field 01469nam a2200349 a 4500
001 - CONTROL NUMBER
control field ebr10695801
003 - CONTROL NUMBER IDENTIFIER
control field CaPaEBR
006 - FIXED-LENGTH DATA ELEMENTS--ADDITIONAL MATERIAL CHARACTERISTICS--GENERAL INFORMATION
fixed length control field m o u
007 - PHYSICAL DESCRIPTION FIXED FIELD--GENERAL INFORMATION
fixed length control field cr cn|||||||||
008 - FIXED-LENGTH DATA ELEMENTS--GENERAL INFORMATION
fixed length control field 150303s2013 enka s 001 0 eng d
020 ## - INTERNATIONAL STANDARD BOOK NUMBER
Cancelled/invalid ISBN 9781849695787
Cancelled/invalid ISBN 9781849695794 (e-book)
040 ## - CATALOGING SOURCE
Original cataloging agency CaPaEBR
Transcribing agency CaPaEBR
035 ## - SYSTEM CONTROL NUMBER
System control number (OCoLC)849934164
050 14 - LIBRARY OF CONGRESS CALL NUMBER
Classification number QA76.5
Item number .S564 2013eb
082 04 - DEWEY DECIMAL CLASSIFICATION NUMBER
Classification number 004.16
Edition number 23
100 1# - MAIN ENTRY--PERSONAL NAME
Personal name Sjogelid, Stefan.
245 10 - TITLE STATEMENT
Title Raspberry Pi for secret agents
Medium [electronic resource] :
Remainder of title turn your Raspberry Pi into your very own secret agent toolbox with this set of exciting projects! /
Statement of responsibility, etc Stefan Sjogelid.
260 ## - PUBLICATION, DISTRIBUTION, ETC. (IMPRINT)
Place of publication, distribution, etc Birmingham, U.K. :
Name of publisher, distributor, etc Packt Publishing,
Date of publication, distribution, etc c2013.
300 ## - PHYSICAL DESCRIPTION
Extent 1 online resource (iv, 134 p.) :
Other physical details col. ill.
490 0# - SERIES STATEMENT
Series statement Community Expertise Distilled
500 ## - GENERAL NOTE
General note Includes index.
533 ## - REPRODUCTION NOTE
Type of reproduction Electronic reproduction.
Place of reproduction Palo Alto, Calif. :
Agency responsible for reproduction ebrary,
Date of reproduction 2015.
Note about reproduction Available via World Wide Web.
-- Access may be limited to ebrary affiliated libraries.
588 ## - SOURCE OF DESCRIPTION NOTE
Source of description note Description based on online resource; title from title page (ebrary, viewed May 21, 2013).
650 #0 - SUBJECT ADDED ENTRY--TOPICAL TERM
Topical term or geographic name as entry element Pocket computers.
Topical term or geographic name as entry element Raspberry Pi (Computer)
Topical term or geographic name as entry element Microcomputers.
Topical term or geographic name as entry element Python (Computer program language)
655 #7 - INDEX TERM--GENRE/FORM
Genre/form data or focus term Electronic books.
Source of term local
710 2# - ADDED ENTRY--CORPORATE NAME
Corporate name or jurisdiction name as entry element ebrary, Inc.
856 40 - ELECTRONIC LOCATION AND ACCESS
Uniform Resource Identifier <a href="http://site.ebrary.com/lib/rucke/Doc?id=10695801">http://site.ebrary.com/lib/rucke/Doc?id=10695801</a>
Public note An electronic book accessible through the World Wide Web; click to view

No items available.

© 2026 Rongo University
Contact us: librarian | system librarian | Rongo university